Prophet, speak now. (Record no. 9074)

000 -LEADER
fixed length control field 00559nam a2200193 a 4500
001 - CONTROL NUMBER
control field :::00006855$&:&@@
003 - CONTROL NUMBER IDENTIFIER
control field OkBaRHE
005 - DATE AND TIME OF LATEST TRANSACTION
control field 20000607103333.0
008 - FIXED-LENGTH DATA ELEMENTS--GENERAL INFORMATION
fixed length control field s1961 j 000 0 eng u
040 ## - CATALOGING SOURCE
Transcribing agency
100 1# - MAIN ENTRY--PERSONAL NAME
Personal name McNeill, Robert B.
245 10 - TITLE STATEMENT
Title Prophet, speak now.
260 ## - PUBLICATION, DISTRIBUTION, ETC. (IMPRINT)
Place of publication, distribution, etc Richmond, VA., :
Name of publisher, distributor, etc John Knox Press
Date of publication, distribution, etc c1961
300 ## - PHYSICAL DESCRIPTION
Extent 92 p. ;
Dimensions 21 cm.
650 ## - SUBJECT ADDED ENTRY--TOPICAL TERM
Topical term or geographic name as entry element Church and Social Problems
650 ## - SUBJECT ADDED ENTRY--TOPICAL TERM
Topical term or geographic name as entry element Preaching
942 ## - ADDED ENTRY ELEMENTS (KOHA)
Source of classification or shelving scheme
Koha item type Books
Copies
Koha item type Not for loan Price effective from Source of classification or shelving scheme Barcode Copy number Permanent Location Full call number Damaged status Date acquired Withdrawn status Date last seen Lost status Shelving location
Books 2010-04-14 68551RHEMA Bible Training CollegeBV 625 .M33 2010-04-14 2010-04-14 General Stacks